00415nam a2200145Ia 4500008004100000041000900041082002100050100001600071245002100087260003000108300000800138650000800146999001700154952009800171230718s9999 xx 000 0 und d aEng. a345.49108bSAL-N aSalik,Naeem 0aNuclear Pakistan aPakistanbUol pressc2018 a267 aLaw c31939d31939 00104070aSIRC-LbSIRC-Ld2023-07-18l0o345.49108 SAL-Np26890r2023-07-18w2023-07-18yBK